Estadísticas para Provincias de España en orden alfabético

Haz click aquí para intentar la prueba.

Estadísticas generales

  • Esta prueba ha sido intentada 208 veces
  • La puntuación promedio es 40 de 50

Estadísticas de respuestas

InicialProvincia% Correcto
ÁÁlava
95%
BBarcelona
92%
CCáceres
91%
HHuesca
91%
ZZamora
91%
ZZaragoza
91%
AAlicante
90%
HHuelva
89%
ÁÁvila
88%
PPalencia
87%
VValencia
87%
BBurgos
86%
JJaén
86%
OOurense
86%
AAlbacete
84%
SSalamanca
84%
LLugo
83%
TTeruel
83%
AA Coruña
81%
AAlmería
81%
BBadajoz
81%
GGirona
80%
MMadrid
80%
NNavarra
79%
VValladolid
79%
AAsturias
78%
CCádiz
78%
CCuenca
78%
GGranada
78%
PPontevedra
78%
SSoria
78%
TTarragona
78%
TToledo
78%
GGuadalajara
77%
MMálaga
77%
MMurcia
77%
CCórdoba
76%
SSegovia
76%
CCantabria
74%
LLleida
73%
VVizcaya
73%
CCiudad Real
71%
CCastellón
70%
SSevilla
70%
IIslas Baleares
68%
GGuipúzcoa
67%
LLa Rioja
66%
LLeón
65%
LLas Palmas
54%
SSanta Cruz de Tenerife
53%

Distribución de puntuación

Porcentaje por número respondido

Porcentaje de gente con cada puntuación

Historial de tus puntuaciones

No has intentado esta prueba.